Harry Potter: Who Said This Line? - Statistics

General Stats
  • This quiz has been taken 848 times
  • The average score is 16 of 20
Answer Stats
Line Answer % Correct
"No one asked your opinion, you filthy little Mudblood!" Draco Malfoy
96%
"Turn to page 394" Severus Snape
95%
"I did my waiting!!! 12 years of it...in Azkaban!" Sirius Black
95%
"I hope you're pleased with yourselves. We could all have been killed- or worse expelled. Now, if you don't mind, I'm going to bed" Hermione Granger
94%
"Why spiders? Why couldn't it be follow the butterflies?" Ronald Weasley
94%
"Happiness can be found even in the darkest of times if one only remembers to turn on the light" Albus Dumbledore
93%
"There's no Hogwarts without you, Hagrid" Harry Potter
93%
"Eh, not bad, Potter, you'd make a fair beater" Oliver Wood
92%
"Hogwarts is threatened! Man the boundaries, protect us, do your duty to our school!" Minerva Mcgonagall
88%
"If I see a single broom in the air, the one riding it will find themselves out of Hogwarts before they can say, Quidditch" Hooch
87%
"Get back to the portkey everybody, and stick together..." Arthur Weasley
86%
"Oh, Professors. I found this, in the Restricted Section. It's still hot. That means there's a student out of bed." Argus Filch
85%
"Never insult Albus Dumbledore in front of me" Rubeus Hagrid
84%
"The first time I saw you, Harry, I recognized you immediately. Not by your scar. By your eyes. They're your mother Lily's." Remus Lupin
83%
"And trust me, if Snape's cloak hadn't caught fire and broken my eye contact, I would have succeeded. Even with Snape muttering his little counter-curse" Quirinus Quirrell
78%
"Don’t ask me! Here I am, minding my own business, and someone thinks it’s funny to throw a book at me." Moaning Myrtle
75%
"Tonight, when the clock strikes twelve, the servant shall break free. He and his Master shall be reunited..." Sybill Trelawney
63%
"Harry Potter, the boy who lived... come to die" Lord Voldemort
55%
"You seem to have given this a fair bit of thought Mad-Eye." Igor Karkaroff
43%
"You know what this means don't you? He's back. Lord Voldemort has returned." Barty Crouch Jr.
24%
No matching quizzes found
Score Distribution
Percent of People with Each Score
Percentile by Number Answered
Your Score History
You have not taken this quiz